[Event "As CC-ch A"]
[Site "As"]
[Date "2020.03.05"]
[Round "6"]
[White "Andersen, Odd"]
[Black "Moberg, Jan Rune"]
[Result "1-0"]
[WhiteElo "1721"]
[BlackElo "1631"]
[PlyCount "77"]
[EventDate "2020.01.16"]
[EventType "swiss"]
[EventRounds "6"]
[EventCountry "NOR"]
[SourceTitle "EXT 2024"]
[Source "ChessBase"]
[SourceDate "2023.10.10"]
[SourceVersion "1"]
[SourceVersionDate "2023.10.10"]
[SourceQuality "1"]

1. e4 e5 2. Nf3 Nc6 3. Bb5 a6 4. Ba4 b5 5. Bb3 Na5 6. d3 Nxb3 7. axb3 d6 8. h3 Be7 9. 0-0 Nf6 10. Re1 Bb7 11. Nbd2 c6 12. Nf1 0-0 13. Ng3 Re8 14. Bg5 h6 15. Be3 Bf8 16. Nf5 Kh7 17. g4 g6 18. Ng3 d5 19. g5 Ng8 20. gxh6 Bxh6 21. Bxh6 Nxh6 22. exd5 Qxd5 23. Ng5+ Kg7 24. Qf3 c5 25. Qxd5 Bxd5 26. N3e4 c4 27. bxc4 bxc4 28. dxc4 Bxe4 29. Nxe4 Nf5 30. c3 Reb8 31. b4 Rc8 32. c5 Rc6 33. b5 Re6 34. Red1 Ree8 35. b6 Ne7 36. Rd6 a5 37. c6 Ra6 38. c7 Nc8 39. Rd8 1-0

[Event "Nordic-ch Seniors"]
[Site "Sarpsborg"]
[Date "2019.06.26"]
[Round "8"]
[White "Andersen, Odd"]
[Black "Saether, Lars"]
[Result "1-0"]
[WhiteElo "1751"]
[BlackElo "1730"]
[PlyCount "119"]
[EventDate "2019.06.21"]
[EventType "swiss"]
[EventRounds "9"]
[EventCountry "NOR"]
[SourceTitle "EXT 2020"]
[Source "ChessBase"]
[SourceDate "2019.10.17"]
[SourceVersion "1"]
[SourceVersionDate "2019.10.17"]
[SourceQuality "1"]

1. e4 e6 2. d4 c5 3. d5 exd5 4. exd5 d6 5. c4 Nf6 6. Bg5 Be7 7. Nf3 h6 8. Bf4 Qb6 9. Qc2 0-0 10. Bd3 Nh5 11. Be3 f5 12. Nc3 f4 13. Bd2 Bd7 14. 0-0-0 Qd8 15. Bh7+ Kh8 16. Bg6 Be8 17. Rde1 Na6 18. Re2 Nb4 19. Qb1 Rf6 20. Bxe8 Qxe8 21. Rhe1 Rf7 22. Nh4 Rf6 23. Rxe7 Qc8 24. Qe4 Qg4 25. g3 Rg8 26. Re8 g5 27. Rxg8+ Kxg8 28. Qe8+ Kh7 29. Ng2 Nd3+ 30. Kc2 Nxe1+ 31. Nxe1 fxg3 32. fxg3 Rf2 33. Qe7+ Ng7 34. Qe4+ Qf5 35. h4 gxh4 36. gxh4 Kg6 37. Qxf5+ Nxf5 38. Ne4 Rh2 39. Nd3 Rxh4 40. Bf4 Nd4+ 41. Kd2 Rg4 42. Nef2 Rh4 43. Bxd6 b6 44. Bb8 a6 45. Ba7 b5 46. b3 bxc4 47. bxc4 Nf3+ 48. Kc3 Nd4 49. Bxc5 Ne2+ 50. Kb4 a5+ 51. Kxa5 Kf5 52. Kb4 Nf4 53. Nxf4 Rxf4 54. Nd3 Rf1 55. a4 Rd1 56. Kc3 Ra1 57. Nb2 h5 58. Bd6 Ke4 59. Bc7 h4 60. d6 1-0

[Event "As Follo CC-chA"]
[Site "As"]
[Date "2019.03.21"]
[Round "6"]
[White "Furnes, Torstein"]
[Black "Andersen, Odd"]
[Result "1-0"]
[WhiteElo "1772"]
[BlackElo "1724"]
[PlyCount "95"]
[EventDate "2019.01.10"]
[EventType "tourn"]
[EventRounds "9"]
[EventCountry "NOR"]
[SourceTitle "EXT 2024"]
[Source "ChessBase"]
[SourceDate "2023.10.10"]
[SourceVersion "1"]
[SourceVersionDate "2023.10.10"]
[SourceQuality "1"]

1. d4 Nf6 2. c4 e6 3. Nc3 Bb4 4. Qc2 0-0 5. Nf3 c5 6. dxc5 Qa5 7. Bd2 Qxc5 8. e3 d5 9. cxd5 Nxd5 10. Rc1 Nxc3 11. Bxc3 Bxc3+ 12. Qxc3 Qxc3+ 13. Rxc3 Nc6 14. Bb5 Bd7 15. 0-0 a6 16. Bd3 Rac8 17. Rfc1 b5 18. Be4 Na5 19. Ne5 Rxc3 20. Rxc3 Bc8 21. Rc7 f6 22. Nc6 Nxc6 23. Bxc6 h6 24. Kf1 Kh7 25. Ke2 e5 26. Bd5 Rd8 27. e4 b4 28. Rc4 a5 29. Rc5 a4 30. Ke3 Bd7 31. Rc7 b3 32. axb3 axb3 33. Bxb3 Rb8 34. Bd5 Ba4 35. Ra7 Bc2 36. Rb7 Rc8 37. b4 Ba4 38. b5 Rc3+ 39. Ke2 Rc2+ 40. Kf3 h5 41. Kg3 h4+ 42. Kxh4 Rxf2 43. Kg3 Rf4 44. b6 Bc2 45. Rc7 Bxe4 46. b7 Bxd5 47. b8Q f5 48. Rxg7+ 1-0

[Event "As Follo CC-chA"]
[Site "As"]
[Date "2019.01.24"]
[Round "3"]
[White "Andersen, Odd"]
[Black "Larsen, Jo Ingebrigt"]
[Result "1-0"]
[WhiteElo "1724"]
[BlackElo "1621"]
[PlyCount "99"]
[EventDate "2019.01.10"]
[EventType "tourn"]
[EventRounds "9"]
[EventCountry "NOR"]
[SourceTitle "EXT 2024"]
[Source "ChessBase"]
[SourceDate "2023.10.10"]
[SourceVersion "1"]
[SourceVersionDate "2023.10.10"]
[SourceQuality "1"]

1. e4 d6 2. d4 Nf6 3. Nc3 Nbd7 4. Bc4 e5 5. Nf3 Be7 6. 0-0 c6 7. a4 Qc7 8. a5 h6 9. h3 g5 10. dxe5 Nxe5 11. Bb3 Rg8 12. g4 Nfxg4 13. hxg4 Bxg4 14. Bxf7+ Kf8 15. Bxg8 Kxg8 16. Nd5 Nxf3+ 17. Kh1 cxd5 18. Qxd5+ Kh7 19. Be3 Ne5 20. f4 Bf3+ 21. Kg1 gxf4 22. Rxf3 Nxf3+ 23. Kf2 fxe3+ 24. Kxf3 Rf8+ 25. Kxe3 Bg5+ 26. Kd4 Qxc2 27. Qxb7+ Kh8 28. Qb4 Rc8 29. Rf1 Rc4+ 30. Qxc4 Qd2+ 31. Qd3 Qxb2+ 32. Qc3 Be3+ 33. Kc4+ Qxc3+ 34. Kxc3 Kg7 35. Kd3 Bc5 36. Kc4 Kg6 37. Kd5 Bb4 38. a6 h5 39. Kc4 Bd2 40. Kd3 Bg5 41. Rf8 h4 42. Ke2 Bf6 43. Ke3 h3 44. Kf3 Be5 45. Ra8 h2 46. Kg2 h1Q+ 47. Kxh1 Bd4 48. Rf8 Kg5 49. Kg2 Kg4 50. Kf1 1-0

[Event "As CC-ch A"]
[Site "As"]
[Date "2018.03.22"]
[Round "8"]
[White "Andersen, Odd"]
[Black "Furnes, Torstein"]
[Result "0-1"]
[WhiteElo "1775"]
[BlackElo "1765"]
[PlyCount "52"]
[EventDate "2018.01.11"]
[EventType "tourn"]
[EventRounds "9"]
[EventCountry "NOR"]
[SourceTitle "EXT 2024"]
[Source "ChessBase"]
[SourceDate "2023.10.10"]
[SourceVersion "1"]
[SourceVersionDate "2023.10.10"]
[SourceQuality "1"]

1. d4 d5 2. c4 e6 3. Nf3 Nf6 4. e3 Be7 5. Nc3 0-0 6. Be2 b6 7. cxd5 Nxd5 8. e4 Nxc3 9. bxc3 Bb7 10. Qc2 Nd7 11. 0-0 c5 12. Bd3 cxd4 13. cxd4 Rc8 14. Qe2 Nf6 15. Bb2 Bb4 16. Rac1 Qe7 17. Rxc8 Rxc8 18. Rc1 Rxc1+ 19. Bxc1 Qc7 20. Bb2 Qc6 21. Ne5 Qa4 22. f3 Qxa2 23. Bc4 Qb1+ 24. Kf2 a5 25. Bd3 Qh1 26. Qc2 Qe1# 0-1

[Event "As CC-ch A"]
[Site "As"]
[Date "2018.01.25"]
[Round "3"]
[White "Lange, Holger1111"]
[Black "Andersen, Odd"]
[Result "1/2-1/2"]
[WhiteElo "1761"]
[BlackElo "1775"]
[PlyCount "84"]
[EventDate "2018.01.11"]
[EventType "tourn"]
[EventRounds "9"]
[EventCountry "NOR"]
[SourceTitle "EXT 2024"]
[Source "ChessBase"]
[SourceDate "2023.10.10"]
[SourceVersion "1"]
[SourceVersionDate "2023.10.10"]
[SourceQuality "1"]

1. e4 e5 2. Nf3 Nc6 3. d4 exd4 4. Bc4 Nf6 5. Ng5 Ne5 6. Bb3 h6 7. f4 hxg5 8. fxe5 Ng8 9. 0-0 Nh6 10. Qh5 g6 11. Qxg5 Qxg5 12. Bxg5 Rh7 13. Nd2 Ng4 14. Nf3 Bc5 15. h3 d3+ 16. Kh1 Nf2+ 17. Kh2 d2 18. Nxd2 Ng4+ 19. Kg3 Nxe5 20. Bf4 d6 21. Bxe5 dxe5 22. Nf3 f6 23. Nh4 Be7 24. Nf3 Bd7 25. Rad1 0-0-0 26. Rfe1 Re8 27. Kh2 Bd6 28. Kg1 g5 29. Nh2 Reh8 30. Kf2 Rg7 31. Kf3 Kd8 32. Ng4 Ke7 33. Ne3 c6 34. Nf5+ Bxf5 35. exf5 Rd8 36. Rd3 Kd7 37. Red1 Kc7 38. Be6 Rh7 39. Re1 Rh4 40. Re4 Rdh8 41. Rde3 R4h7 42. Re2 Rd8 1/2-1/2

[Event "As CC-ch A"]
[Site "As"]
[Date "2017.04.06"]
[Round "9"]
[White "Lea, Per"]
[Black "Andersen, Odd"]
[Result "0-1"]
[WhiteElo "1533"]
[BlackElo "1611"]
[PlyCount "112"]
[EventDate "2017.01.12"]
[EventType "tourn"]
[EventRounds "9"]
[EventCountry "NOR"]
[SourceTitle "EXT 2024"]
[Source "ChessBase"]
[SourceDate "2023.10.10"]
[SourceVersion "1"]
[SourceVersionDate "2023.10.10"]
[SourceQuality "1"]

1. e4 e5 2. Nf3 Nc6 3. Bc4 Be7 4. 0-0 Nf6 5. Nc3 0-0 6. d4 exd4 7. Nxd4 Ne5 8. Bb3 d6 9. f4 Ng6 10. h3 a6 11. a4 c5 12. Nf3 Qc7 13. Qd3 Be6 14. Bxe6 fxe6 15. Ng5 Qd7 16. Nxe6 Qxe6 17. f5 Qf7 18. fxg6 Qxg6 19. Bf4 Rad8 20. Nd5 Qe8 21. Qb3 Kh8 22. Nc7 Qc6 23. Ne6 Nxe4 24. Nxd8 Bxd8 25. Rad1 c4 26. Qb4 Bb6+ 27. Kh2 Bc5 28. Qe1 b5 29. axb5 axb5 30. c3 d5 31. Qe2 Kg8 32. Be5 Re8 33. Qf3 Qe6 34. Bf4 Rf8 35. Qg4 Qc6 36. Be5 g6 37. Rxf8+ Bxf8 38. Qf4 Qe6 39. Rf1 Bh6 40. Qxh6 Qxe5+ 41. Qf4 Qe7 42. Ra1 Kg7 43. Ra8 Nd6 44. Ra6 Nf5 45. Ra8 Nd6 46. Qd4+ Kh6 47. Qxd5 Qf6 48. Qd2+ g5 49. h4 Qe5+ 50. Kh1 Ne4 51. Ra6+ Kh5 52. Qe2+ g4 53. Qc2 Ng3+ 54. Kh2 Nf5+ 55. Kh1 Qe1+ 56. Kh2 g3+ 0-1

[Event "As CC-ch A"]
[Site "As"]
[Date "2017.03.23"]
[Round "8"]
[White "Andersen, Odd"]
[Black "Lange, Holger1111"]
[Result "0-1"]
[WhiteElo "1611"]
[BlackElo "1598"]
[PlyCount "74"]
[EventDate "2017.01.12"]
[EventType "tourn"]
[EventRounds "9"]
[EventCountry "NOR"]
[SourceTitle "EXT 2024"]
[Source "ChessBase"]
[SourceDate "2023.10.10"]
[SourceVersion "1"]
[SourceVersionDate "2023.10.10"]
[SourceQuality "1"]

1. e4 Nf6 2. Nc3 d5 3. exd5 Nxd5 4. Nf3 Bg4 5. d4 e6 6. Be2 Bb4 7. Bd2 0-0 8. Nxd5 Bxd2+ 9. Qxd2 Qxd5 10. 0-0 Nc6 11. Rfd1 Rad8 12. c3 Rfe8 13. Qf4 Bxf3 14. Bxf3 Qd7 15. c4 Nxd4 16. Kf1 e5 17. Qe4 c6 18. Rd2 Qe6 19. b3 Nxf3 20. Rxd8 Nxh2+ 21. Kg1 Rxd8 22. Kxh2 f5 23. Qe3 e4 24. Re1 Qd6+ 25. g3 Qd2 26. Qe2 Qh6+ 27. Kg2 Rd2 28. Qf1 Rxa2 29. c5 Qe6 30. b4 Rd2 31. Kg1 Qd5 32. b5 Qxc5 33. bxc6 Qxc6 34. Rc1 Qd5 35. Qe1 Qd4 36. Rb1 b5 37. Kf1 b4 0-1

[Event "As CC-ch A"]
[Site "As"]
[Date "2017.02.09"]
[Round "4"]
[White "Andersen, Odd"]
[Black "Furnes, Torstein"]
[Result "0-1"]
[WhiteElo "1611"]
[BlackElo "1565"]
[PlyCount "68"]
[EventDate "2017.01.12"]
[EventType "tourn"]
[EventRounds "9"]
[EventCountry "NOR"]
[SourceTitle "EXT 2024"]
[Source "ChessBase"]
[SourceDate "2023.10.10"]
[SourceVersion "1"]
[SourceVersionDate "2023.10.10"]
[SourceQuality "1"]

1. d4 d5 2. Bf4 Nf6 3. e3 Bg4 4. Nf3 e6 5. c3 c5 6. Nbd2 Nc6 7. Bb5 Qb6 8. Qa4 Rc8 9. Ne5 Bf5 10. dxc5 Bxc5 11. Nb3 0-0 12. Bxc6 bxc6 13. Nxc5 Qxc5 14. Bg5 Ne4 15. Bf4 Nxc3 16. Qb3 Ne4 17. Nd3 Qa5+ 18. Qb4 Qxb4+ 19. Nxb4 c5 20. Na6 Rc6 21. Nb8 Rcc8 22. Na6 Rfd8 23. Rc1 g5 24. f3 gxf4 25. fxe4 Bxe4 26. exf4 c4 27. Rc3 Rd6 28. Rg3+ Kf8 29. Ra3 Rb6 30. 0-0 Rcc6 31. Nc5 Rxc5 32. Rxa7 Rxb2 33. Rf2 Rxf2 34. Kxf2 c3 0-1

[Event "As CC-ch A"]
[Site "As"]
[Date "2017.01.26"]
[Round "3"]
[White "Lund, Petter"]
[Black "Andersen, Odd"]
[Result "0-1"]
[WhiteElo "1583"]
[BlackElo "1611"]
[PlyCount "156"]
[EventDate "2017.01.12"]
[EventType "tourn"]
[EventRounds "9"]
[EventCountry "NOR"]
[SourceTitle "EXT 2024"]
[Source "ChessBase"]
[SourceDate "2023.10.10"]
[SourceVersion "1"]
[SourceVersionDate "2023.10.10"]
[SourceQuality "1"]

1. c4 f5 2. b3 Nf6 3. Bb2 e6 4. Nf3 d5 5. cxd5 exd5 6. e3 c6 7. Bd3 Nbd7 8. Nd4 g6 9. Ne6 Qb6 10. Nxf8 Rxf8 11. Nc3 Nc5 12. Be2 Bd7 13. 0-0 0-0-0 14. d4 Ne6 15. Na4 Qc7 16. b4 Kb8 17. Rc1 Qd6 18. Nc5 Rc8 19. Qb3 Ka8 20. Ba3 b5 21. Bb2 Nxc5 22. Rxc5 Ne4 23. Rc2 Kb7 24. f3 Nf6 25. Rfc1 f4 26. a4 a6 27. Ra1 Ra8 28. Bc1 fxe3 29. Bxe3 Rfe8 30. axb5 axb5 31. Rca2 Bf5 32. Ra5 Rxa5 33. bxa5 Bd7 34. g3 Ka6 35. Bf1 Nh5 36. Qc3 Qe6 37. Bf2 Qd6 38. g4 Nf4 39. Bg3 g5 40. Kf2 h6 41. Rc1 Qe7 42. Bxf4 gxf4 43. Qd2 Qe3+ 44. Qxe3 Rxe3 45. Re1 Rxe1 46. Kxe1 Kxa5 47. Kd2 Ka4 48. h4 Be8 49. Bd3 Bf7 50. Bh7 Ka3 51. g5 hxg5 52. hxg5 Be6 53. Bg6 b4 54. Bb1 Kb3 55. Bc2+ Kc4 56. Ba4 Kxd4 57. Bxc6 Bf5 58. Ba4 Ke5 59. Bb3 d4 60. Bc4 Be6 61. Bd3 Bd5 62. Ke2 b3 63. Kd2 Bxf3 64. g6 Bd5 65. Ke2 Kf6 66. Kd2 f3 67. Kc1 f2 68. Kd2 f1Q 69. Bxf1 Kxg6 70. Kd3 b2 71. Kc2 Be4+ 72. Kxb2 Kf5 73. Ba6 Kf4 74. Kc1 Ke3 75. Kd1 Bf5 76. Bf1 Bd3 77. Bh3 Be2+ 78. Kc1 d3 0-1

[Event "AS CC-ch A"]
[Site "As"]
[Date "2016.03.17"]
[Round "7"]
[White "Lund, Petter"]
[Black "Andersen, Odd"]
[Result "1-0"]
[WhiteElo "1563"]
[BlackElo "1631"]
[PlyCount "101"]
[EventDate "2016.01.14"]
[EventType "tourn"]
[EventRounds "9"]
[EventCountry "NOR"]
[SourceTitle "EXT 2024"]
[Source "ChessBase"]
[SourceDate "2023.10.10"]
[SourceVersion "1"]
[SourceVersionDate "2023.10.10"]
[SourceQuality "1"]

1. e4 d5 2. exd5 Qxd5 3. Nc3 Qd8 4. Bc4 c6 5. b4 Bf5 6. Nge2 e6 7. a3 Nf6 8. Bb2 Bd6 9. Ng3 Bg6 10. d3 Nbd7 11. Nce4 Be7 12. 0-0 Qc7 13. Qe2 0-0 14. f4 Rfe8 15. Rf2 Rad8 16. Re1 a5 17. b5 h6 18. f5 Nxe4 19. fxg6 Nxg3 20. gxf7+ Kh7 21. hxg3 Rf8 22. Qe4+ Kh8 23. Qg6 e5 24. bxc6 bxc6 25. Rf5 Qb6+ 26. Kh2 Qxb2 27. Rh5 Bg5 28. Rxg5 e4 29. Rh5 Qf6 30. Qxe4 Rxf7 31. Bxf7 Qxf7 32. Rxa5 Nf6 33. Qe6 Qg6 34. Qf5 Qf7 35. Qf3 Qc7 36. Ra6 Qd7 37. Kh1 Rc8 38. Qe3 Re8 39. Qf2 Rxe1+ 40. Qxe1 Qg4 41. Rxc6 Qh5+ 42. Kg1 Qg4 43. Rc4 Qd7 44. Qe2 Qa7+ 45. Kh2 h5 46. a4 Ng4+ 47. Rxg4 hxg4 48. Qxg4 Kg8 49. Qc4+ Kf8 50. d4 Qb6 51. Qc5+ 1-0

[Event "AS CC-ch A"]
[Site "As"]
[Date "2016.01.21"]
[Round "2"]
[White "Andersen, Odd"]
[Black "Johnson, David"]
[Result "1-0"]
[WhiteElo "1611"]
[BlackElo "1431"]
[PlyCount "75"]
[EventDate "2016.01.14"]
[EventType "tourn"]
[EventRounds "9"]
[EventCountry "NOR"]
[SourceTitle "EXT 2024"]
[Source "ChessBase"]
[SourceDate "2023.10.10"]
[SourceVersion "1"]
[SourceVersionDate "2023.10.10"]
[SourceQuality "1"]

1. d4 d5 2. c4 Nf6 3. Nf3 e6 4. a3 c5 5. e3 Nbd7 6. Nc3 b6 7. cxd5 Nxd5 8. Nxd5 exd5 9. dxc5 Nxc5 10. b4 Qf6 11. Nd4 Ne4 12. Bb5+ Ke7 13. 0-0 Nc3 14. Qd3 Nxb5 15. Qxb5 Bd7 16. Qxd5 Rc8 17. Bb2 Ke8 18. Rac1 Rd8 19. Ba1 Qg6 20. b5 h5 21. Qe5+ Be6 22. Nxe6 fxe6 23. a4 h4 24. h3 Rh5 25. Qc7 Rd7 26. Qc8+ Ke7 27. Bb2 Rg5 28. Ba3+ Kf6 29. Qxf8+ Rf7 30. Qd8+ Kf5 31. e4+ Kf4 32. Qd2+ Kxe4 33. Rfe1+ Kf5 34. Qd3+ Kf6 35. Qxg6+ Rxg6 36. Rc6 Kg5 37. Rec1 Rgf6 38. Rc7 1-0

[Event "AS CC-ch A"]
[Site "As"]
[Date "2016.01.14"]
[Round "1"]
[White "Andersen, Odd"]
[Black "Lea, Per"]
[Result "1-0"]
[WhiteElo "1611"]
[BlackElo "1543"]
[PlyCount "139"]
[EventDate "2016.01.14"]
[EventType "tourn"]
[EventRounds "9"]
[EventCountry "NOR"]
[SourceTitle "EXT 2024"]
[Source "ChessBase"]
[SourceDate "2023.10.10"]
[SourceVersion "1"]
[SourceVersionDate "2023.10.10"]
[SourceQuality "1"]

1. d4 d5 2. Bf4 e6 3. Nf3 c5 4. e3 Nc6 5. c3 Nf6 6. Bd3 Nh5 7. Bg5 Be7 8. Bxe7 Qxe7 9. Ne5 Nf6 10. Bb5 Bd7 11. Nxd7 Nxd7 12. Qa4 Qd6 13. Nd2 0-0 14. 0-0 a6 15. Bd3 b5 16. Qd1 f5 17. f3 e5 18. dxe5 Ndxe5 19. Bc2 d4 20. exd4 cxd4 21. Nb3 d3 22. Qd2 Nc4 23. Qxd3 Qxd3 24. Bxd3 Nxb2 25. Be2 Rfe8 26. Rf2 Ne5 27. Bxb5 axb5 28. Rxb2 Nc4 29. Rf2 Re3 30. Rc1 Rd8 31. Nd4 Rd5 32. Rb1 Rxc3 33. Nxb5 Rcd3 34. h3 Na3 35. Nxa3 Rxa3 36. Re2 Rd7 37. Kh2 Kf7 38. Kg3 Rda7 39. Rbb2 h6 40. Kf2 g5 41. Ke1 Re7 42. Kd1 Rxe2 43. Rxe2 Kf6 44. Kc1 h5 45. Kb2 Rd3 46. a4 g4 47. fxg4 hxg4 48. hxg4 fxg4 49. Kb1 Kf5 50. a5 Ra3 51. Ra2 Rb3+ 52. Kc2 Rb7 53. a6 Ra7 54. g3 Ke4 55. Ra3 Kd4 56. Kd2 Ke4 57. Ke2 Kd4 58. Ra4+ Ke5 59. Ke3 Kf5 60. Ra5+ Kg6 61. Kf4 Kg7 62. Kxg4 Kg6 63. Kf4 Kf6 64. g4 Kg6 65. Ke4 Kf6 66. Kd4 Ke6 67. Kc5 Rd7 68. a7 Rd5+ 69. Kb4 Rd4+ 70. Kc3 1-0

[Event "As Autumn"]
[Site "As"]
[Date "2015.10.08"]
[Round "5"]
[White "Andersen, Odd"]
[Black "Sandvik, Sander"]
[Result "1-0"]
[WhiteElo "1633"]
[BlackElo "917"]
[PlyCount "43"]
[EventDate "2015.09.03"]
[EventType "swiss"]
[EventRounds "9"]
[EventCountry "NOR"]
[SourceTitle "EXT 2024"]
[Source "ChessBase"]
[SourceDate "2023.10.10"]
[SourceVersion "1"]
[SourceVersionDate "2023.10.10"]
[SourceQuality "1"]

1. d4 Nf6 2. c4 e6 3. Nf3 c5 4. d5 exd5 5. cxd5 d6 6. Nc3 g6 7. e4 Bg7 8. Bd3 0-0 9. 0-0 Re8 10. h3 Na6 11. Bf4 Nc7 12. Qd2 c4 13. Bc2 b5 14. Rfe1 Rb8 15. Nd4 b4 16. Nd1 Nfxd5 17. Nc6 c3 18. bxc3 bxc3 19. Qc1 Qf6 20. Bg5 Qe6 21. Nxb8 Qe5 22. Nc6 1-0